000
00301nam a22001457a 4500
008
210304b ||||| |||| 00| 0 eng d
020
_a
9781111185787
041
_a
eng
080
_2
2nd
_a
37
082
_a
37
100
_a
25
101
_a
EDU
245
_a
Psych 2
_c
Rathus, S.A
942
_2
udc
_c
BK
999
_c
55718
_d
55718